Boyacá : (Registro nro. 15379)
[ vista simple ]
| 000 -LEADER | |
|---|---|
| fixed length control field | 01058nam a22002057a 4500 |
| 003 - CONTROL NUMBER IDENTIFIER | |
| control field | OSt |
| 005 - DATE AND TIME OF LATEST TRANSACTION | |
| control field | 20210315122035.0 |
| 008 - FIXED-LENGTH DATA ELEMENTS--GENERAL INFORMATION | |
| fixed length control field | 210315n2010 ck ao||gr|||| 00| 0 spa d |
| 040 ## - CATALOGING SOURCE | |
| Original cataloging agency | CO-JMCR |
| Transcribing agency | CO-JMCR |
| 041 ## - LANGUAGE CODE | |
| Language code of text/sound track or separate title | spa |
| 082 04 - DEWEY DECIMAL CLASSIFICATION NUMBER | |
| Edition number | 23 |
| Classification number | 918.635 / |
| Item number | B789b |
| 110 2# - MAIN ENTRY--CORPORATE NAME | |
| Corporate name or jurisdiction name as entry element | Colombia. Secretaria de Cultura y Turismo |
| Relator term | autor |
| 9 (RLIN) | 36099 |
| 245 10 - TITLE STATEMENT | |
| Title | Boyacá : |
| Remainder of title | orgullo de América : departamento bicentenario / |
| Statement of responsibility, etc. | Secretaria de Cultura y turismo |
| 260 ## - PUBLICATION, DISTRIBUTION, ETC. | |
| Place of publication, distribution, etc. | [Tunja] : |
| Name of publisher, distributor, etc. | Gobernación de Boyacá ; |
| -- | Secretaría de Cultura y Turismo, |
| Date of publication, distribution, etc. | [2010] |
| 300 ## - PHYSICAL DESCRIPTION | |
| Extent | 102 páginas : |
| Other physical details | ilustraciones y fotografías a color ; |
| Dimensions | 21 x 28 cm. |
| 505 0# - FORMATTED CONTENTS NOTE | |
| Formatted contents note | Boyacá, destino histórico. Departamento Bicentenario -- Boyacá, destino ecoturístico. Departamento bicentenario -- Boyacá, Infraestructura hotelera -- Boyacá hecha a mano -- Consejos provinciales de turismo de Boyacá -- Directorio de operaciones turísticos de Boyacá |
| 650 14 - SUBJECT ADDED ENTRY--TOPICAL TERM | |
| Topical term or geographic name entry element | Turismo |
| General subdivision | Guías |
| Geographic subdivision | Boyacá (Colombia) |
| 9 (RLIN) | 36100 |
| 650 24 - SUBJECT ADDED ENTRY--TOPICAL TERM | |
| Topical term or geographic name entry element | Boyacá (Colombia) |
| General subdivision | Descripción |
| Form subdivision | Guías |
| 9 (RLIN) | 36101 |
| 942 ## - ADDED ENTRY ELEMENTS (KOHA) | |
| Source of classification or shelving scheme | Dewey Decimal Classification |
| Koha item type | Books |
| Withdrawn status | Lost status | Source of classification or shelving scheme | Damaged status | Not for loan | Home library | Current library | Shelving location | Date acquired | Source of acquisition | Total Checkouts | Full call number | Barcode | Date last seen | Copy number | Price effective from | Koha item type |
|---|---|---|---|---|---|---|---|---|---|---|---|---|---|---|---|---|
| Dewey Decimal Classification | Biblioteca Pública José María del Castillo y Rada | Biblioteca Pública José María del Castillo y Rada | General Stacks | Donación | 918.635 / B789b | 201810866 | 05/16/2024 | Ej.1 | Books |